La Unión Soviética

Saved in:
Bibliographic Details
Main Author: George, Pierre (Author)
Format: Book
Language:Spanish
Published: Bilbao Moretón 1968
Series:Panoramas de la Geografía Universal, 19
Subjects:
Tags: Add Tag
No Tags, Be the first to tag this record!

MARC

LEADER 00000nam a2200000 a 4500
001 UCX3209
003 CL-VaPUC
008 911014e19680000SP |||||||||||||||||spa|d
082 0 4 |a 914.7  |b GEO  |2 21 
100 |a George, Pierre  |e author  |9 341155 
245 1 3 |a La Unión Soviética 
300 |a 157 p 
942 |c BK 
945 |d 19911014 00:00:00 
260 |a Bilbao  |b Moretón  |c 1968 
650 0 |a Geografía humana  |9 267193 
650 0 |a Geografía  |9 259346 
651 0 |a Unión Soviética  |9 256769 
583 |a last modification  |c 19911014 00:00:00  |k Rodrigo Vera 
490 0 |a Panoramas de la Geografía Universal, 19 
999 |c 224016  |d 224014 
952 |0 0  |1 0  |4 0  |6 914_700000000000000_GEO_1968  |7 0  |8 A  |9 220357  |a BIBHIS  |b BIBHIS  |d 2019-11-15  |i 2890887  |o 914.7 GEO 1968  |p 2890887  |r 2025-01-20  |w 2019-11-15  |y BK  |k HIS 
952 |0 0  |1 0  |4 0  |6 914_700000000000000_GEO_1968  |7 0  |8 A  |9 220358  |a BIBHIS  |b BIBHIS  |d 2019-11-15  |i 3379310  |o 914.7 GEO 1968  |p 3379310  |r 2025-01-20  |w 2019-11-15  |y BK  |k HIS